Beyond the resources of poverty (Record no. 225064)
[ view plain ]
| 000 -LEADER | |
|---|---|
| fixed length control field | 02030nam a2200385 a 4500 |
| 082 04 - DEWEY DECIMAL CLASSIFICATION NUMBER | |
| Classification number | 339.4/60949618 |
| 100 1# - MAIN ENTRY--AUTHOR NAME | |
| Personal name | Eroglu, Sebnem. |
| 245 10 - TITLE STATEMENT | |
| Title | Beyond the resources of poverty |
| 260 ## - PUBLICATION, DISTRIBUTION, ETC. (IMPRINT) | |
| Place of publication | Farnham, England ; |
| -- | Burlington, Vt. : |
| Name of publisher | Ashgate, |
| Year of publication | c2011. |
| 300 ## - PHYSICAL DESCRIPTION | |
| Number of Pages | x, 284 p. : |
| Other physical details | ill. |
| 490 1# - SERIES STATEMENT | |
| Series statement | Cities and society series |
| 505 0# - FORMATTED CONTENTS NOTE | |
| Formatted contents note | Introduction -- Conceptualising household responses to poverty : a critical perspective -- Explaining household responses to poverty : towards an improved framework -- Researching gecekondu households : the method, setting and respondents -- Income generation and diversification -- Income allocation, investment and consumption -- Understanding short-term change in poverty -- The Ayhans : a relatively better off household -- The Hikmets : a moderately deprived household -- The Cansevers : a worse off household -- Conclusion. |
| 650 #0 - SUBJECT ADDED ENTRY--TOPICAL TERM | |
| Topical Term | Poverty |
| Topical Term | Poor |
| Topical Term | Squatters |
| Topical Term | Squatter settlements |
| 856 40 - ELECTRONIC LOCATION AND ACCESS | |
| Uniform Resource Identifier | http://site.ebrary.com/lib/rucke/Doc?id=10481788 |
No items available.
